000 00789nam a2200205Ii 4500
003 JO-AjNU
008 230605s9999||||xx |||||||||||||| ||und||
040 _aJO-AjNU
_bara
_erda
_cJO-AjNU
041 _aara
050 1 4 _aPJ7507.M9264 2012
100 3 _aتاليف موافي،عثمان,
_eauthor
_934044
245 0 0 _aفي نظرية الأدب من قضايا الشعر والنثر في النقد العربي الحديث، ج2
250 _aط1
264 3 1 _aالقاهرة: دار المعرفة الجامعية، 2012
300 _aج2، 269ص
336 _atext
_btxt
_2rdacontent
337 _aunmediated
_bn
_2rdamedia
338 _avolume
_bnc
_2rdacarrier
650 4 _aنظرية الأدب -قضايا الشعر-النثر-النقد العربي القديم
_934045
999 _aA13917
_c17485
_d17485